Man Under Vibration : Proceedings of the second International CISM-IFToMM Symposium Moscow, USSR April8-12.1985

Guardado en:
Detalles Bibliográficos
Otros Autores: Frolov, K.V (Editor)
Formato: Libro
Lenguaje:inglés
Publicado: Moskva : Mechanical Engineering Research Institute, 1985
Etiquetas: Agregar Etiqueta
Sin Etiquetas, Sea el primero en etiquetar este registro!

MARC

LEADER 00000nam a22000003a 4500
001 stu266819
005 20150617230224.0
008 130517s--------xxr-----------------eng-d
040 |a STU  |b slo 
041 0 |a eng 
044 |a xxr 
100 1 |a Frolov, K.V  |4 edt 
245 1 |a Man Under Vibration :  |b Proceedings of the second International CISM-IFToMM Symposium Moscow, USSR April8-12.1985 
260 |a Moskva :  |b Mechanical Engineering Research Institute,  |c 1985 
300 |a 352 s 
996 |c I*Z3028  |l I  |s A  |a 24  |w stu266819_0001